000
00236 a2200097 4500
001
5956
100
_a
Copson,ET
245
_a
Introduction to the theory of functions of a complle variable
260
_a
_b
Oxford
_c
090
_c
4863
_d
4863
942
_a
NUST-CAE
_c
M
_c
31226
999
_c
241029
_d
241029